Города стран БРИКС - Армагеддон - Statistics

General Stats
  • This quiz has been taken 84 times
  • The average score is 6 of 50
Answers on the Grid
Answers color-coded by a green-red scale on the quiz's grid according to % correct below.
Иерусалим
Владивосток
Сурабая
Кабул
Абу-Даби
Кампала
Порту-Алегри
Урумчи
Алеппо
Бангкок
Эр-Рияд
Инчхон
Дурбан
Варанаси
Ташкент
Карачи
Кванджу
Бандунг
Манама
Улан-Батор
Форталеза
Пешавар
Кандагар
Гуанчжоу
Джидда
Исламабад
Макасар
Суэц
Пусан
Дубай
Абуджа
Тегеран
Ханой
Лахор
Паттайя
Асоса
Джакарта
Нанкин
Маскат
Мекка
Луксор
Пхеньян
Сеул
Шираз
Хошимин
Ибадан
Архангельск
Минск
Медина
Куритиба
Ахмадабад
Павлодар
Йоханнесбург
Аддис-Абеба
Дананг
Шарджа
Гродно
Порт-Саид
Нальчик
Исфахан
Гомель
Манаус
Гавана
Агра
Шанхай
Бухара
Кейптаун
Джимма
Куала-Лумпур
Эль-Айн
Шымкент
Тверь
Мешхед
Блумфонтейн
Витебск
Караганда
Хомс
Мумбаи
Самарканд
Хургада
Претория
Латакия
Актау
Джиджига
Аджман
Бейрут
Дамаск
Псков
Депок
Лагос
Каир
Сан-Паулу
Бушир
Могилёв
Тартус
Пекин
Астана
Гондэр
Калькутта
Табук
 
Answer Stats
Answer % Correct
Владивосток
96%
Абу-Даби
41%
Тверь
30%
Пекин
28%
Шанхай
24%
Мумбаи
24%
Архангельск
22%
Йоханнесбург
20%
Кейптаун
20%
Претория
20%
Псков
20%
Сан-Паулу
17%
Калькутта
17%
Сурабая
15%
Урумчи
15%
Нальчик
15%
Агра
15%
Порту-Алегри
13%
Нанкин
13%
Гуанчжоу
11%
Дурбан
9%
Варанаси
9%
Дубай
9%
Джакарта
9%
Блумфонтейн
9%
Каир
9%
Форталеза
7%
Тегеран
7%
Бандунг
4%
Аддис-Абеба
4%
Порт-Саид
4%
Манаус
4%
Суэц
2%
Луксор
2%
Куритиба
2%
Ахмадабад
2%
Бушир
2%
Гондэр
2%
Макасар
0%
Асоса
0%
Шираз
0%
Шарджа
0%
Исфахан
0%
Джимма
0%
Эль-Айн
0%
Мешхед
0%
Хургада
0%
Джиджига
0%
Аджман
0%
Депок
0%
No matching quizzes found
Score Distribution
Percent of People with Each Score
Percentile by Number Answered
Your Score History
You have not taken this quiz